| 000 | 00594nac a22001571u 4500 | ||
|---|---|---|---|
| 008 | 080826s ua|||||r|||| 001 0 ara d | ||
| 082 |
_a142.7 _bب د و _222 |
||
| 245 |
_aالزمان الوجودي/ _cتأليف عبد الرحمن بدوي |
||
| 260 |
_aالقاهرة: _bمكتبة النهضة المصرية، 1945 _c1945. |
||
| 300 |
_a240ص؛ _c24سم |
||
| 500 | _aيحتوى على كشافات | ||
| 504 | _aيشتمل على ببليوجرافة ص 233-234 وكشاف | ||
| 511 | _aCatalogued by: Sara | ||
| 541 |
_aألف باء؛ _cشراء؛ |
||
| 942 |
_cBB _k142.7ب د و _2ddc |
||
| 999 |
_c7397 _d7397 |
||